[Event "LXXIII C.to Italiano"]
[Site "Roma ITA"]
[Date "2013.11.28"]
[Round "7"]
[White "De Filomeno, Simone"]
[Black "Rombaldoni, Denis"]
[Result "1/2-1/2"]
[WhiteElo "2431"]
[BlackElo "2462"]
[PlyCount "136"]
[EventDate "2013.11.21"]

1. d4 d5 2. c4 c6 3. Nc3 dxc4 4. e3 Be6 5. Nf3 b5 6. a4 b4 7. Ne4 Nf6 8. Nxf6+
exf6 9. Be2 a5 10. e4 Bd6 11. d5 cxd5 12. exd5 Bg4 13. Nd2 Qe7 14. Nxc4 O-O 15.
Be3 Bxe2 16. Qxe2 Nd7 17. O-O f5 18. Rad1 Nf6 19. Qf3 Ng4 20. Bf4 Nxh2 21. Bxh2
Bxh2+ 22. Kxh2 Qh4+ 23. Kg1 Qxc4 24. Qxf5 Qb3 25. d6 Qxb2 26. d7 Qf6 27. Qxf6
gxf6 28. Rd5 Rfd8 29. Rfd1 Kf8 30. Kf1 Ra7 31. R1d3 Ke7 32. Re3+ Kf8 33. Red3
Ra6 34. Ke2 Ke7 35. Re3+ Kf8 36. Red3 Ke7 37. Re3+ Kf8 38. Red3 Re6+ 39. Re3 b3
40. Rxa5 Rxd7 41. Rb5 Ra7 42. Rbxb3 Rxa4 43. Kf3 Kg7 44. g3 f5 45. Rb5 Kg6 46.
Ree5 Rf6 47. Rbc5 h6 48. Rb5 f4 49. g4 Ra3+ 50. Kg2 f3+ 51. Kg3 Rc6 52. Rf5 Ra1
53. Rxf3 Rg1+ 54. Kh3 Rh1+ 55. Kg3 Rg1+ 56. Kh3 Rh1+ 57. Kg3 Rcc1 58. Rb6+ Kg7
59. Rb7 Rhg1+ 60. Kh3 Rh1+ 61. Kg3 Rcg1+ 62. Kf4 Kg6 63. Rb6+ f6 64. Ke3 Re1+
65. Kd2 Rd1+ 66. Kc2 Rc1+ 67. Kd2 Rhd1+ 68. Ke2 Re1+ 1/2-1/2

[Event "LXXIII C.to Italiano"]
[Site "Roma ITA"]
[Date "2013.11.28"]
[Round "7"]
[White "Garcia Palermo, Carlos Horacio"]
[Black "Rombaldoni, Axel"]
[Result "1-0"]
[WhiteElo "2450"]
[BlackElo "2530"]
[PlyCount "93"]
[EventDate "2013.11.21"]

1. c4 b6 2. e4 c5 3. Nc3 Bb7 4. g3 h5 5. Nf3 e6 6. Bg2 Nc6 7. d3 Be7 8. h3 d6
9. Be3 h4 10. g4 Nf6 11. d4 e5 12. d5 Nd4 13. Nd2 Nd7 14. O-O a6 15. Rb1 Bc8
16. b4 Bg5 17. bxc5 bxc5 18. Nb3 Nxb3 19. Rxb3 Bxe3 20. fxe3 O-O 21. Rf2 Rb8
22. Rxb8 Nxb8 23. Rb2 Nd7 24. Qe1 Nb6 25. Bf1 Bd7 26. Nb1 Na4 27. Rb3 g6 28.
Nd2 f5 29. gxf5 gxf5 30. Kh2 Qg5 31. Nf3 Qh5 32. Qxh4 Qxh4 33. Nxh4 fxe4 34.
Bg2 Rf2 35. Rb7 Be8 36. Kg3 Rf6 37. Rb8 Kf7 38. Bxe4 Bd7 39. Rb7 Ke8 40. Bg6+
Kd8 41. e4 Nc3 42. Bf5 Ba4 43. Nf3 Bc2 44. Ng5 Bd3 45. h4 Bxc4 46. h5 Bxd5 47.
exd5 1-0

[Event "LXXIII C.to Italiano"]
[Site "Roma ITA"]
[Date "2013.11.28"]
[Round "7"]
[White "Godena, Michele"]
[Black "Brunello, Sabino"]
[Result "1-0"]
[WhiteElo "2501"]
[BlackElo "2615"]
[PlyCount "161"]
[EventDate "2013.11.21"]

1. d4 d5 2. Nf3 Nf6 3. c4 c6 4. Nbd2 Bf5 5. Nh4 Be4 6. Qb3 Qb6 7. c5 Qxb3 8.
axb3 Na6 9. Nxe4 dxe4 10. e3 Nb4 11. Ra4 Nbd5 12. f3 e5 13. dxe5 Nd7 14. fxe4
Nc7 15. b4 g6 16. Nf3 Bg7 17. Bd2 O-O 18. Bc3 a6 19. Ra1 Rae8 20. Rd1 Re7 21.
Bc4 Nb5 22. e6 Nxc3 23. bxc3 Bxc3+ 24. Ke2 fxe6 25. Rxd7 Rxd7 26. Bxe6+ Rff7
27. Rb1 Rde7 28. Bxf7+ Kxf7 29. Kd3 Bf6 30. Rf1 Kg7 31. Nd4 h5 32. h3 Rd7 33.
Kc4 Re7 34. Kd3 Rd7 35. Rf2 Re7 36. Rf3 Rd7 37. Rf1 Re7 38. Rf3 Rd7 39. Rf4 Be5
40. Rf2 Bf6 41. g4 hxg4 42. hxg4 Rd8 43. Rf1 Rd7 44. Rf2 Rd8 45. Rf1 Rd7 46. g5
Bxg5 47. e5 Bd8 48. Ke4 Re7 49. Rg1 Kf7 50. Rf1+ Kg7 51. Rg1 Kf7 52. Nf3 Bc7
53. Rd1 a5 54. bxa5 Bxa5 55. Ng5+ Kg7 56. Rd6 Bc3 57. Ne6+ Kf7 58. Nd4 Bb4 59.
Rf6+ Ke8 60. Rxg6 Bxc5 61. Nf5 Rh7 62. e6 Kd8 63. Rg8+ Kc7 64. Re8 b5 65. e7
Bxe7 66. Rxe7+ Rxe7+ 67. Nxe7 Kb6 68. Kd4 c5+ 69. Kd5 c4 70. Kd4 Kb7 71. Nd5
Kc6 72. e4 Kd6 73. e5+ Kd7 74. Nb4 Ke6 75. Ke4 Kd7 76. Kd5 Ke7 77. e6 c3 78.
Ke5 Ke8 79. Kd6 Kd8 80. e7+ Ke8 81. Ke6 1-0

[Event "LXXIII C.to Italiano"]
[Site "Roma ITA"]
[Date "2013.11.29"]
[Round "8"]
[White "Brunello, Sabino"]
[Black "Bruno, Fabio"]
[Result "1/2-1/2"]
[WhiteElo "2615"]
[BlackElo "2414"]
[PlyCount "84"]
[EventDate "2013.11.21"]

1. d4 d5 2. c4 c6 3. Nf3 e6 4. Nbd2 f5 5. g3 Nf6 6. Bg2 Bd6 7. Ne5 O-O 8. O-O
b6 9. Ndf3 Bb7 10. Bf4 Qe7 11. Rc1 c5 12. dxc5 bxc5 13. Qb3 Na6 14. Rfd1 Rab8
15. Nd3 Bxf4 16. gxf4 d4 17. Qa3 Nb4 18. Nxb4 Bxf3 19. Qxf3 Rxb4 20. b3 e5 21.
fxe5 Qxe5 22. e3 dxe3 23. Qxe3 Qxe3 24. fxe3 Re8 25. Rc3 Rb6 26. Bf3 a5 27. Kf2
a4 28. Rcd3 axb3 29. axb3 Kf7 30. Ra1 g5 31. Ra5 Rc8 32. Rb5 Ra6 33. Rd2 Rc7
34. b4 cxb4 35. Rxf5 Kg6 36. Rb5 Rxc4 37. Rb2 Rh4 38. Kg3 Ra3 39. R5xb4 Rxb4
40. Rxb4 Rxe3 41. Kf2 Ra3 42. h4 gxh4 1/2-1/2

[Event "LXXIII C.to Italiano"]
[Site "Roma ITA"]
[Date "2013.11.29"]
[Round "8"]
[White "Godena, Michele"]
[Black "De Filomeno, Simone"]
[Result "1/2-1/2"]
[WhiteElo "2501"]
[BlackElo "2431"]
[PlyCount "40"]
[EventDate "2013.11.21"]

1. d4 d5 2. Nf3 Nf6 3. c4 e6 4. e3 Be7 5. Nc3 b6 6. cxd5 exd5 7. Bd3 O-O 8. O-O
Bb7 9. b3 Nbd7 10. Bb2 Re8 11. Rc1 a6 12. Ne2 Bd6 13. Ng3 g6 14. Rc2 Qe7 15.
Qe2 Rec8 16. Rfc1 Qe8 17. Qe1 Qe7 18. Qe2 Qe8 19. Qe1 Qe7 20. Qe2 Qe8 1/2-1/2

[Event "LXXIII C.to Italiano"]
[Site "Roma ITA"]
[Date "2013.11.29"]
[Round "8"]
[White "Rombaldoni, Axel"]
[Black "Cocchi, Andrea"]
[Result "1-0"]
[WhiteElo "2530"]
[BlackElo "2322"]
[PlyCount "125"]
[EventDate "2013.11.21"]

1. Nf3 Nf6 2. g3 d5 3. Bg2 c6 4. b3 Bg4 5. Bb2 e6 6. d3 Bb4+ 7. Nbd2 Nbd7 8. a3
Bd6 9. h3 Bxf3 10. Bxf3 Be5 11. d4 Bd6 12. c4 O-O 13. O-O Re8 14. Bg2 Rc8 15.
b4 e5 16. cxd5 cxd5 17. dxe5 Bxe5 18. Bxe5 Nxe5 19. Nb3 Qd6 20. e4 Nc6 21. exd5
Ne7 22. Nc5 Rc7 23. Qa4 Rd8 24. Rad1 b6 25. Ne4 Nxe4 26. Bxe4 Rcd7 27. Rfe1 g6
28. Re3 Qf6 29. Qb3 Nc8 30. Bg2 Nd6 31. Qc3 Kg7 32. Qxf6+ Kxf6 33. Rc1 Re7 34.
Rf3+ Kg7 35. h4 f5 36. Rd3 Kf6 37. Kf1 Red7 38. Rc6 Kf7 39. Rd4 Nb5 40. Rd3 Nc7
41. h5 Ne8 42. Re3 Rd6 43. Rec3 gxh5 44. Ke2 Nf6 45. Rc7+ R8d7 46. R3c6 Ke7 47.
Rxd6 Rxc7 48. Re6+ Kf7 49. Kd2 h4 50. gxh4 Rc4 51. h5 Nxd5 52. Bxd5 Rd4+ 53.
Ke3 Rxd5 54. Rc6 f4+ 55. Kxf4 a5 56. Rxb6 axb4 57. axb4 Rxh5 58. b5 Rc5 59. Rb8
h5 60. b6 Rb5 61. b7 Kg7 62. Kg3 Rb4 63. f4 1-0

[Event "LXXIII C.to Italiano"]
[Site "Roma ITA"]
[Date "2013.11.29"]
[Round "8"]
[White "Stella, Andrea"]
[Black "Garcia Palermo, Carlos Horacio"]
[Result "1/2-1/2"]
[WhiteElo "2454"]
[BlackElo "2450"]
[PlyCount "102"]
[EventDate "2013.11.21"]

1. e4 e6 2. d4 d5 3. Nd2 c5 4. exd5 Qxd5 5. Ngf3 cxd4 6. Bc4 Qd7 7. O-O Nc6 8.
Nb3 a6 9. Nbxd4 Nxd4 10. Nxd4 Nf6 11. Bg5 b5 12. Bb3 Bc5 13. Bxf6 gxf6 14. Qf3
Bxd4 15. Qxa8 Bxb2 16. Rad1 Qc7 17. Qe4 f5 18. Qe2 Bc3 19. Rd3 h5 20. Rfd1 Ke7
21. h3 Kf6 22. a4 h4 23. axb5 axb5 24. Qe3 b4 25. Rd6 Be5 26. R6d3 Bc3 27. f3
Qg3 28. Rxc3 bxc3 29. Qxc3+ Qe5 30. Qd4 Qxd4+ 31. Rxd4 e5 32. Rb4 Be6 33. Kf2
f4 34. Bxe6 Kxe6 35. Rb6+ Kf5 36. Rc6 Ra8 37. Rc7 Ke6 38. Rc6+ Kd5 39. Rf6 Ra7
40. Ke2 Kd4 41. Rd6+ Kc5 42. Rh6 Kd4 43. Rxh4 Rc7 44. Kd2 f5 45. g3 Rc3 46.
gxf4 e4 47. fxe4 fxe4 48. f5 Rf3 49. Ke2 Re3+ 50. Kd2 Rf3 51. Ke2 Re3+ 1/2-1/2

[Event "LXXIII C.to Italiano"]
[Site "Roma ITA"]
[Date "2013.11.30"]
[Round "9"]
[White "Bruno, Fabio"]
[Black "Rombaldoni, Axel"]
[Result "0-1"]
[WhiteElo "2414"]
[BlackElo "2530"]
[PlyCount "94"]
[EventDate "2013.11.21"]

1. d4 e6 2. Nf3 c5 3. e3 Nf6 4. Bd3 b6 5. O-O g6 6. c4 Bg7 7. Nc3 Bb7 8. a3 O-O
9. b4 cxd4 10. exd4 d6 11. Re1 Nbd7 12. Bb2 Re8 13. Bf1 a6 14. Qd3 e5 15. d5
Nh5 16. Qd2 h6 17. Rac1 Rc8 18. Ne4 Qe7 19. c5 bxc5 20. bxc5 dxc5 21. Bc4 Qf8
22. Rb1 Rb8 23. Ba1 f5 24. Nc3 e4 25. Nh4 Ne5 26. Be2 Qf6 27. g3 Red8 28. Qe3
Qg5 29. Qxg5 hxg5 30. Nxg6 Nxg6 31. Bxh5 Ne5 32. Be2 Nd3 33. Red1 Bxc3 34. Bxc3
Bxd5 35. Bf6 Rdc8 36. Rxb8 Rxb8 37. Bxg5 c4 38. Bf6 Rb3 39. f3 c3 40. Bxc3 Rxc3
41. g4 Nf4 42. fxe4 Nxe2+ 43. Kf2 Bxe4 44. Rd8+ Kf7 45. Kxe2 fxg4 46. a4 Bf3+
47. Kf2 Rc2+ 0-1

[Event "LXXIII C.to Italiano"]
[Site "Roma ITA"]
[Date "2013.11.30"]
[Round "9"]
[White "Caprio, Guido"]
[Black "Godena, Michele"]
[Result "1/2-1/2"]
[WhiteElo "2418"]
[BlackElo "2501"]
[PlyCount "41"]
[EventDate "2013.11.21"]

1. d4 d5 2. c4 c6 3. Nc3 Nf6 4. e3 a6 5. Qc2 e6 6. Nf3 dxc4 7. Bxc4 c5 8. O-O
b5 9. Be2 cxd4 10. Nxd4 Bb7 11. Rd1 Nbd7 12. Bf3 Bxf3 13. Nxf3 Qc7 14. Qe2 Bc5
15. Bd2 O-O 16. b4 Be7 17. a4 bxa4 18. Rxa4 Qb7 19. b5 axb5 20. Rxa8 Rxa8 21.
Qxb5 1/2-1/2

[Event "LXXIII C.to Italiano"]
[Site "Roma ITA"]
[Date "2013.11.30"]
[Round "9"]
[White "Cocchi, Andrea"]
[Black "Stella, Andrea"]
[Result "1/2-1/2"]
[WhiteElo "2322"]
[BlackElo "2454"]
[PlyCount "112"]
[EventDate "2013.11.21"]

1. Nf3 c5 2. c4 Nc6 3. d4 cxd4 4. Nxd4 e5 5. Nc2 Bc5 6. Nc3 Nf6 7. Rb1 d6 8. b4
Bb6 9. Ne3 O-O 10. g3 Bd4 11. Ncd5 a5 12. b5 Nb4 13. Nxb4 axb4 14. Bg2 Bc3+ 15.
Bd2 Rxa2 16. Bxc3 bxc3 17. O-O Ng4 18. Qb3 Nxe3 19. Qxa2 Nxf1 20. Rxf1 Qc7 21.
Bd5 Be6 22. Bxe6 fxe6 23. Rc1 Qc5 24. e3 d5 25. cxd5 exd5 26. e4 Kh8 27. exd5
h6 28. d6 e4 29. Qe2 Rd8 30. Qxe4 Rxd6 31. Qf3 c2 32. Kg2 Rf6 33. Qe2 Rf5 34.
Rxc2 Qxb5 35. Qe3 Qd5+ 36. f3 Re5 37. Qc3 Re8 38. Rd2 Qb5 39. Kf2 Qb6+ 40. Qd4
Qc6 41. Qd7 Qb6+ 42. Kg2 Rf8 43. Qd6 Rf6 44. Qe7 Qc6 45. Rd8+ Kh7 46. Qe2 Qe6
47. Qd3+ Qf5 48. Qxf5+ Rxf5 49. h4 h5 50. g4 Rc5 51. Kg3 Rb5 52. Rd7 hxg4 53.
fxg4 Rb3+ 54. Kf4 Rb4+ 55. Kf5 Rb5+ 56. Kf4 Rb4+ 1/2-1/2

[Event "LXXIII C.to Italiano"]
[Site "Roma ITA"]
[Date "2013.11.30"]
[Round "9"]
[White "David, Alberto"]
[Black "Rombaldoni, Denis"]
[Result "1-0"]
[WhiteElo "2580"]
[BlackElo "2462"]
[PlyCount "79"]
[EventDate "2013.11.21"]

1. e4 c6 2. d4 d5 3. e5 Bf5 4. h4 h6 5. g4 Bd7 6. Nc3 e6 7. Be3 b5 8. h5 Qb6 9.
Nf3 Na6 10. a3 c5 11. dxc5 Bxc5 12. Nd4 b4 13. Ncb5 bxa3 14. bxa3 Nc7 15. Rb1
Nxb5 16. Bxb5 Qc7 17. Bxd7+ Qxd7 18. Nb5 Be7 19. O-O a6 20. Nd4 Bc5 21. Nxe6
Bxe3 22. Nxg7+ Kf8 23. fxe3 Kxg7 24. Qd4 Qc8 25. Rb6 Rh7 26. Rg6+ Kf8 27. e6
Qc7 28. Rf4 Rb8 29. c3 Qc4 30. exf7 Ne7 31. Qe5 Rb1+ 32. Kg2 Rb2+ 33. Kg3 Qc8
34. Qd6 Rxf7 35. Rxh6 Rxf4 36. Rh8+ Kf7 37. Rxc8 Re4 38. Rc7 Rxe3+ 39. Kh4 Ke8
40. Qd7+ 1-0

[Event "LXXIII C.to Italiano"]
[Site "Roma ITA"]
[Date "2013.11.30"]
[Round "9"]
[White "De Filomeno, Simone"]
[Black "Brunello, Sabino"]
[Result "1/2-1/2"]
[WhiteElo "2431"]
[BlackElo "2615"]
[PlyCount "65"]
[EventDate "2013.11.21"]

1. d4 Nf6 2. c4 g6 3. Nf3 Bg7 4. g3 c5 5. Bg2 Qa5+ 6. Qd2 Qc7 7. b3 Ne4 8. Qc2
Nc6 9. Qxe4 Nxd4 10. Nc3 Nxb3 11. Nd5 Qd8 12. Rb1 Nxc1 13. Rxc1 Qa5+ 14. Nd2 e6
15. Rc2 f5 16. Qe3 Bd4 17. Qf4 exd5 18. Bxd5 Qd8 19. O-O d6 20. Nf3 Bf6 21. e4
g5 22. Qe3 Kf8 23. e5 dxe5 24. Nxe5 Qc7 25. Nf7 Rg8 26. Re1 Bd7 27. Ne5 Rg7 28.
Nxd7+ Rxd7 29. Qe6 Kg7 30. Qxf5 Rf8 31. Rce2 Qd8 32. Kg2 Kh8 33. a4 1/2-1/2

[Event "LXXIII C.to Italiano"]
[Site "Roma ITA"]
[Date "2013.12.01"]
[Round "10"]
[White "Brunello, Sabino"]
[Black "Rombaldoni, Axel"]
[Result "1-0"]
[WhiteElo "2615"]
[BlackElo "2530"]
[PlyCount "71"]
[EventDate "2013.11.21"]

1. d4 Nf6 2. c4 c5 3. d5 d6 4. Nc3 g6 5. e4 Bg7 6. h3 O-O 7. Nf3 e5 8. g4 h5 9.
g5 Nh7 10. Be3 f5 11. gxf6 Qxf6 12. Be2 a6 13. a4 Ra7 14. Qc2 b6 15. O-O-O Bd7
16. Rdg1 b5 17. cxb5 axb5 18. Nxb5 Bxb5 19. axb5 Nd7 20. Nd2 Ra1+ 21. Nb1 Nb6
22. Kd2 Ra4 23. Rg3 Rfa8 24. Rhg1 Nf8 25. Ke1 Rb4 26. Bd2 Rd4 27. Bg5 Qf7 28.
Bxh5 Rc4 29. Nc3 gxh5 30. Bc1 Ra7 31. Qe2 Qf6 32. Qxh5 Nxd5 33. exd5 Rh4 34.
Bg5 Qxf2+ 35. Kxf2 Rxh5 36. Bf6 1-0

[Event "LXXIII C.to Italiano"]
[Site "Roma ITA"]
[Date "2013.12.01"]
[Round "10"]
[White "De Filomeno, Simone"]
[Black "Caprio, Guido"]
[Result "0-1"]
[WhiteElo "2431"]
[BlackElo "2418"]
[PlyCount "122"]
[EventDate "2013.11.21"]

1. d4 d5 2. c4 e6 3. Nc3 a6 4. cxd5 exd5 5. Nf3 c6 6. Bf4 Nf6 7. e3 Bd6 8. Bg3
Bf5 9. Bd3 Bxd3 10. Qxd3 O-O 11. O-O Bxg3 12. hxg3 Nbd7 13. Qf5 Re8 14. g4 Qc7
15. g3 g6 16. Qg5 Kg7 17. Nh4 Ng8 18. Nf5+ Kf8 19. Nh6 f6 20. Qh4 Ne7 21. g5
Kg7 22. Ne2 fxg5 23. Qxg5 Nf6 24. Nf4 Qd7 25. Kg2 Nc8 26. f3 Nd6 27. Nd3 Qe6
28. Ne5 c5 29. Rf2 Rac8 30. Rh1 Re7 31. Nhg4 Nxg4 32. Nxg4 Nf5 33. Ne5 h6 34.
Rxh6 Nxh6 35. Nxg6 Qf6 36. Qxf6+ Kxf6 37. Nxe7 Kxe7 38. dxc5 Nf5 39. Re2 Rxc5
40. e4 dxe4 41. Rxe4+ Kf6 42. Rb4 b5 43. Kh3 a5 44. Rf4 Rc4 45. Kg4 Ke5 46.
Rxc4 bxc4 47. f4+ Ke4 48. a4 Nd6 49. Kg5 Kd3 50. Kf6 Kc2 51. Ke5 Kxb2 52. Kxd6
c3 53. f5 c2 54. f6 c1=Q 55. f7 Qe3 56. Kd7 Qa3 57. Ke6 Kc3 58. g4 Kd4 59. g5
Qf8 60. Kf6 Ke4 61. g6 Kf4 0-1

[Event "LXXIII C.to Italiano"]
[Site "Roma ITA"]
[Date "2013.12.01"]
[Round "10"]
[White "Dvirnyy, Danyyil"]
[Black "Cocchi, Andrea"]
[Result "1-0"]
[WhiteElo "2560"]
[BlackElo "2322"]
[PlyCount "75"]
[EventDate "2013.11.21"]

1. Nf3 c5 2. c4 Nf6 3. Nc3 Nc6 4. g3 d5 5. cxd5 Nxd5 6. Bg2 Nc7 7. O-O e5 8. d3
Be7 9. Nd2 Bd7 10. Nc4 f6 11. a4 O-O 12. a5 Kh8 13. Be3 Rb8 14. f4 exf4 15.
Bxf4 Nb4 16. Rf2 g5 17. Bxc7 Qxc7 18. Qf1 Be6 19. Be4 Nc2 20. Rd1 Nd4 21. e3
Nc6 22. Bf5 Bg8 23. Ra1 Kg7 24. Qh3 Rbd8 25. a6 b6 26. Qg2 Rc8 27. Nb5 Qd8 28.
Raf1 Nb4 29. Rd2 Rb8 30. Ra1 Bd5 31. Be4 Ra8 32. Bxd5 Nxd5 33. d4 Qd7 34. Nbd6
Nxe3 35. Nxe3 Bxd6 36. Qd5 Kg6 37. dxc5 Qe7 38. Qd3+ 1-0

[Event "LXXIII C.to Italiano"]
[Site "Roma ITA"]
[Date "2013.12.01"]
[Round "10"]
[White "Rombaldoni, Denis"]
[Black "Garcia Palermo, Carlos Horacio"]
[Result "1-0"]
[WhiteElo "2462"]
[BlackElo "2450"]
[PlyCount "77"]
[EventDate "2013.11.21"]

1. d4 Nf6 2. Bg5 b6 3. Bxf6 exf6 4. e3 Bb7 5. Nf3 g6 6. a4 Bg7 7. a5 Na6 8. c3
O-O 9. Nbd2 f5 10. Bd3 c5 11. Qe2 Nc7 12. O-O d5 13. b3 Re8 14. g3 Qd7 15. Rfc1
c4 16. bxc4 f4 17. gxf4 dxc4 18. Bxc4 b5 19. Bd3 Qg4+ 20. Kh1 Nd5 21. Rg1 Qc8
22. a6 Bc6 23. Qd1 Nxc3 24. Qb3 Bd5 25. Qb2 Qc6 26. Rg3 Rab8 27. Rc1 b4 28. e4
Be6 29. f5 Bc8 30. Qb3 Bxa6 31. Ng5 Rb7 32. Bxa6 Qxa6 33. Rf3 Ne2 34. fxg6 Qxg6
35. Qd5 Rbe7 36. Rc6 Re6 37. Rxf7 Nxd4 38. Rxg7+ Qxg7 39. Nxe6 1-0

[Event "LXXIII C.to Italiano"]
[Site "Roma ITA"]
[Date "2013.12.02"]
[Round "11"]
[White "David, Alberto"]
[Black "De Filomeno, Simone"]
[Result "1/2-1/2"]
[WhiteElo "2580"]
[BlackElo "2431"]
[PlyCount "57"]
[EventDate "2013.11.21"]

1. e4 c5 2. Nc3 d6 3. Nf3 a6 4. d4 cxd4 5. Nxd4 Nf6 6. Qf3 g6 7. h3 Bg7 8. Be3
O-O 9. O-O-O Nbd7 10. g4 Nb6 11. e5 Nfd7 12. exd6 exd6 13. Qg3 Ne5 14. Nb3 a5
15. a4 Be6 16. Bd4 Nd5 17. f4 Nxc3 18. Bxc3 Bxb3 19. cxb3 Nc6 20. Bc4 Nb4 21.
Kb1 Qb6 22. Bxg7 Kxg7 23. Qc3+ Kg8 24. f5 Qc6 25. Qd2 Qe4+ 26. Bd3 Qd5 27. Bc4
Qe4+ 28. Bd3 Qd5 29. Bc4 1/2-1/2

[Event "LXXIII C.to Italiano"]
[Site "Roma ITA"]
[Date "2013.12.02"]
[Round "11"]
[White "Rombaldoni, Axel"]
[Black "Stella, Andrea"]
[Result "1/2-1/2"]
[WhiteElo "2530"]
[BlackElo "2454"]
[PlyCount "32"]
[EventDate "2013.11.21"]

1. e4 e6 2. Qe2 c5 3. Nf3 Nc6 4. g3 d6 5. Bg2 g6 6. c3 Bg7 7. d3 Nge7 8. h4 h6
9. Be3 e5 10. a3 Be6 11. b4 b6 12. O-O O-O 13. Qd2 Kh7 14. h5 g5 15. Qc2 Rc8
16. b5 Nd4 1/2-1/2

[Event "XII Festival"]
[Site "Varese ITA"]
[Date "2013.10.05"]
[Round "1"]
[White "Cervini, Gian Piero"]
[Black "De Vita, Raffaele"]
[WhiteElo "1811"]
[BlackElo "1594"]
[Result "1-0"]
[PlyCount "43"]
[EventDate "2013.10.05"]

1. e4 c5 2. c3 e6 3. d4 d5 4. e5 cxd4 5. cxd4 Nc6 6. Nf3 Qb6 7. Nc3 a6 8. Bd3
Bd7 9. Ne2 Qb4+ 10. Bd2 Qxb2 11. Rb1 Qxa2 12. Rxb7 Rb8 13. Nc3 Qa3 14. Rxb8+
Nxb8 15. Qb1 Qb4 16. O-O a5 17. Qc2 Qb6 18. Rb1 Qa7 19. Nb5 Bxb5 20. Bxb5+ Kd8
21. Rc1 Bb4 22. Qc8+ 1-0

[Event "XII Festival"]
[Site "Varese ITA"]
[Date "2013.10.05"]
[Round "1"]
[White "Maroni, Luca"]
[Black "Aldeghi, Damiano"]
[WhiteElo "1745"]
[BlackElo "1441"]
[Result "1-0"]
[PlyCount "43"]
[EventDate "2013.10.05"]

1. e4 e5 2. Nf3 Nc6 3. Bc4 Bc5 4. c3 a5 5. d4 exd4 6. cxd4 Bb4+ 7. Nc3 h6 8. a3
Bxc3+ 9. bxc3 d6 10. Qb3 Qf6 11. O-O b6 12. Bb5 Bd7 13. Re1 Nge7 14. e5 dxe5
15. d5 Nb8 16. Nxe5 Qd6 17. Bf4 Bxb5 18. Qxb5+ Nd7 19. Nxf7 Qxf4 20. Nxh8 Kd8
21. Rxe7 Qd6 22. Nf7+ 1-0

[Event "XII Festival"]
[Site "Varese ITA"]
[Date "2013.10.05"]
[Round "1"]
[White "Mazzoccoli, Simone"]
[Black "Tomassoni, Leonardo"]
[WhiteElo "1739"]
[BlackElo "1830"]
[Result "1-0"]
[PlyCount "69"]
[EventDate "2013.10.05"]

1. e4 c5 2. Nc3 d6 3. g3 Nf6 4. Bg2 Nc6 5. d3 e5 6. Nge2 Be7 7. O-O Bg4 8. h3
Be6 9. Nd5 Qd7 10. Kh2 h5 11. Nxf6+ Bxf6 12. Nc3 O-O-O 13. Nd5 Rdg8 14. Be3 Bd8
15. a3 g5 16. b4 Nd4 17. c3 Bg4 18. hxg4 hxg4+ 19. Kg1 Nf3+ 20. Bxf3 gxf3 21.
Qxf3 Kb8 22. Qf5 Qb5 23. Rfd1 Rg7 24. a4 Qe8 25. Kg2 Rgh7 26. Rh1 Rxh1 27. Rxh1
Rxh1 28. Kxh1 cxb4 29. cxb4 f6 30. Nxf6 Qh8+ 31. Nh7 Be7 32. Qf7 Qd8 33. Qf5
Qh8 34. Kg2 g4 35. Bg5 1-0

[Event "XII Festival"]
[Site "Varese ITA"]
[Date "2013.10.06"]
[Round "3"]
[White "Nai, Giovanni"]
[Black "Maroni, Luca"]
[WhiteElo "1826"]
[BlackElo "1745"]
[Result "0-1"]
[PlyCount "96"]
[EventDate "2013.10.05"]

1. e4 e6 2. d4 d5 3. Nc3 dxe4 4. Nxe4 Nd7 5. Bd3 Ngf6 6. Nf3 Nxe4 7. Bxe4 Nf6
8. Bd3 Be7 9. O-O O-O 10. Be3 b6 11. Qe2 Bb7 12. Rad1 Qd5 13. b3 Qh5 14. Ne5
Qxe2 15. Bxe2 Ne4 16. Bf3 f6 17. Bxe4 Bxe4 18. Nd3 Rac8 19. f3 Bg6 20. c3 Rfd8
21. Nf4 Bf7 22. Rfe1 g5 23. Ne2 Bg6 24. Bf2 Kf7 25. Ng3 h5 26. Re2 h4 27. Nf1
c5 28. Rde1 cxd4 29. Rxe6 Bc5 30. cxd4 Bb4 31. R1e3 Bf5 32. R6e4 Bxe4 33. Rxe4
Re8 34. d5 Rxe4 35. fxe4 Rc2 36. a4 Rb2 37. Bd4 Bc5 38. Bxc5 bxc5 39. Ne3 Rxb3
40. Kf2 Ra3 41. Nf5 Rxa4 42. Nd6+ Ke7 43. Nf5+ Kd7 44. Kf3 c4 45. Ke3 Ra2 46.
Kf3 c3 47. Nd4 c2 48. Ne2 Ra1 0-1

[Event "XII Festival"]
[Site "Varese ITA"]
[Date "2013.10.12"]
[Round "4"]
[White "Brioschi, Camillo"]
[Black "Maroni, Luca"]
[WhiteElo "1753"]
[BlackElo "1745"]
[Result "0-1"]
[PlyCount "182"]
[EventDate "2013.10.05"]

1. d4 d5 2. c4 dxc4 3. Nf3 c5 4. e3 e6 5. Bxc4 Nf6 6. Nc3 Nc6 7. O-O a6 8. d5
Nb4 9. dxe6 Bxe6 10. Bxe6 fxe6 11. Qb3 Qb6 12. Rd1 h6 13. Ne5 Rd8 14. Rxd8+
Kxd8 15. a3 Kc8 16. axb4 cxb4 17. Qc4+ Kb8 18. Na4 Qd6 19. Qd4 Qc7 20. Bd2 Bd6
21. f4 Rd8 22. Nc4 b5 23. Qb6+ Qxb6 24. Naxb6 bxc4 25. Nxc4 Kb7 26. Nxd6+ Rxd6
27. Bxb4 Rd3 28. Kf2 Nd5 29. Bc5 Rd2+ 30. Kf3 Rxb2 31. Bd4 Rb3 32. h4 g6 33.
Ra2 Nb4 34. Rd2 a5 35. Bc5 Nd5 36. Ke4 Kc6 37. Rc2 Rc3 38. Rxc3 Nxc3+ 39. Kd4
Ne2+ 40. Kc4 Ng3 41. Ba3 Nf5 42. Kd3 Nxh4 43. g4 g5 44. fxg5 hxg5 45. Be7 Ng6
46. Bf6 Kd6 47. Bxg5 Ne5+ 48. Kc3 Kc6 49. Bf4 Nxg4 50. Kb3 Kb5 51. Bg5 Ne5 52.
Be7 Nc4 53. Bg5 Nd2+ 54. Ka3 a4 55. Bh6 Nc4+ 56. Ka2 Kb4 57. e4 Kc3 58. e5 Kd4
59. Bg7 Ke4 60. Bh8 Kf5 61. Bf6 Kg6 62. Bh8 Kf7 63. Bf6 Ke8 64. Bg7 Kd7 65. Bf6
Kc6 66. Bg7 Kd5 67. Bf6 Nxe5 68. Ka3 Nd7 69. Bd8 Nc5 70. Kb4 e5 71. Be7 Nd3+
72. Kxa4 e4 73. Kb3 Kd4 74. Kc2 e3 75. Bh4 Ke4 76. Kd1 Kf3 77. Kc2 Nf4 78. Be1
Ng2 79. Ba5 Nf4 80. Kd1 Nd3 81. Kc2 Ne5 82. Kd1 Nd3 83. Kc2 Nf4 84. Be1 Ng2 85.
Ba5 e2 86. Kd3 Kf2 87. Ke4 Ne1 88. Bb6+ Kf1 89. Ba5 Nc2 90. Kd3 Na3 91. Kc3
e1=Q+ 0-1

[Event "XII Festival"]
[Site "Varese ITA"]
[Date "2013.10.13"]
[Round "5"]
[White "Cervini, Gian Piero"]
[Black "Aldeghi, Damiano"]
[WhiteElo "1811"]
[BlackElo "1441"]
[Result "1-0"]
[PlyCount "135"]
[EventDate "2013.10.05"]

1. e4 e5 2. Nf3 Nc6 3. d4 exd4 4. Bc4 h6 5. Nxd4 Qf6 6. Be3 Bc5 7. c3 Nge7 8.
b4 Bxd4 9. Bxd4 Nxd4 10. cxd4 Nc6 11. e5 Qf4 12. Nd2 Qxd4 13. O-O O-O 14. Re1
Nxe5 15. Re4 Qd6 16. Bb3 b6 17. Qe2 Ng6 18. Rd1 Qf6 19. Qh5 d6 20. Nf3 Qf5 21.
Qxf5 Bxf5 22. Rc4 Rac8 23. Nd4 Bd7 24. Nf3 Be6 25. Rc3 Bxb3 26. axb3 Rfe8 27.
Kf1 Re7 28. Rxd6 cxd6 29. Rxc8+ Kh7 30. Rd8 Re4 31. Rxd6 Rxb4 32. Rd7 Rxb3 33.
Rxa7 Nf4 34. Rxf7 Rb1+ 35. Ne1 Nxg2 36. Kxg2 Rxe1 37. Rb7 Rb1 38. h4 h5 39. Kg3
Kg6 40. Kf4 Rb4+ 41. Kg3 Kf6 42. Kh3 g6 43. Kg3 Kf5 44. Rf7+ Ke6 45. Rb7 Rg4+
46. Kh3 Rb4 47. Kg3 Kd6 48. f3 Ke6 49. Kh3 Rb3 50. Kg3 b5 51. Rb6+ Kf5 52. Rb8
Rb1 53. Rf8+ Ke6 54. Kf4 Ke7 55. Rb8 b4 56. Rb7+ Kf8 57. Kg5 Rg1+ 58. Kf6 Ke8
59. Rb8+ Kd7 60. Rxb4 Kd6 61. Rd4+ Kc5 62. Rf4 Kd5 63. Ra4 Kd6 64. Ra6+ Kd5 65.
Ra5+ Kd6 66. Rg5 Rh1 67. Rxg6 Rxh4 68. Kg5+ 1-0

[Event "XII Festival"]
[Site "Varese ITA"]
[Date "2013.10.14"]
[Round "5"]
[White "Maroni, Luca"]
[Black "Laricini, Alberto"]
[WhiteElo "1745"]
[BlackElo "1774"]
[Result "1-0"]
[PlyCount "57"]
[EventDate "2013.10.05"]

1. e4 Nf6 2. e5 Nd5 3. d4 d6 4. Nf3 Bg4 5. Be2 Nc6 6. exd6 exd6 7. O-O Be7 8.
Re1 O-O 9. c3 a6 10. Na3 Rb8 11. Nc4 Bf5 12. Ne3 Nxe3 13. Bxe3 d5 14. Bd3 Bxd3
15. Qxd3 Bf6 16. Bf4 Ne7 17. Re2 Ng6 18. Bg3 h5 19. h3 Rc8 20. Rae1 c6 21. Qf5
h4 22. Be5 Bxe5 23. dxe5 Rc7 24. e6 Ne7 25. Qg4 fxe6 26. Qxe6+ Kh8 27. Qg4 Nf5
28. Qh5+ Nh6 29. Re8 1-0

[Event "XII Festival"]
[Site "Varese ITA"]
[Date "2013.10.13"]
[Round "5"]
[White "Mazzoccoli, Simone"]
[Black "Pepa, Syrja"]
[WhiteElo "1739"]
[BlackElo "1825"]
[Result "1-0"]
[PlyCount "33"]
[EventDate "2013.10.05"]

1. e4 e5 2. Nf3 Nc6 3. d4 exd4 4. Nxd4 Bc5 5. Nxc6 Qf6 6. Qf3 Qxf3 7. gxf3 dxc6
8. Be3 Be7 9. Rg1 Be6 10. Bd4 Nf6 11. Rxg7 O-O-O 12. Bc3 Nh5 13. Rg1 Rhe8 14.
Nd2 Bc5 15. Rg5 Bxf2+ 16. Kxf2 Nf4 17. Ke3 1-0